Gaming Quiz

Random Gaming Quiz

Roblox Quiz Stats

 Plays Quiz not verified by Sporcle

Challenge
Share
Tweet
Embed
Score 0/7 Timer 10:00
2 Plays Today
Question Answer Wrong Answers
Which of these youtubers that has played roblox is the most famous ???
45.7%
???
3.5%
???
0.7%
???
1%
What one of these is not a game ???
40.3%
???
0.5%
???
5.9%
???
1.5%
What one of these is a phishing account ???
34.5%
???
6%
???
3%
???
3.1%
What is the code for the normal elevators door ???
31.2%
???
4.7%
???
6.9%
???
4.5%
What is the newest official game for innovation group in 2005-2017 ???
28.4%
???
8.7%
???
3.6%
???
3.3%
What is the British price for 80 robux ???
28.3%
???
6.1%
???
5.3%
???
5.5%
Was this quiz good ???
27.8%
???
10%
???
4.5%
???
3.6%

You're not logged in!

Compare scores with friends on all Sporcle quizzes.
OR
Log In

You Might Also Like...

Show Comments

Extras

Created Jun 10, 2017ReportNominate
Tags:roblox

Top Quizzes Today


Score Distribution

Your Account Isn't Verified!

In order to create a playlist on Sporcle, you need to verify the email address you used during registration. Go to your Sporcle Settings to finish the process.

Report this User

Report this user for behavior that violates our Community Guidelines.

Details: